000 00685nas a2200217 4500
001 BR7601409
003 BR-BrBNA
005 20231205082935.0
007 ta
008 230509b bl.|||p| |||| 00| 00por d
040 _aBR-BrBNA
_bpor
_cBiblioteca Nacional de Agricultura
041 _a(Pt)
072 _aQ10
100 1 _aSerra, W.S. (Escola Media de Agricultura da Regiao Cacaueira, Urucuca, BA (Brazil))
245 1 _aNormas para producao de geleia de cacau, [Brasil]
650 _aCACAU
650 _aGELEIA
773 0 _tCacau Atualidades (Brazil)
_xISSN 0007-9340
_g(Apr 1975), v. 12(2) p. 4-5
_wBR7601409
909 _a202311
_bLúcia
_c55
_dLúcia Elande
942 _2AGRIS
_n0
_cANA
999 _c95254
_d95254